England - Statistics

General Stats
  • This quiz has been taken 19 times
  • The average score is 9 of 18
Answer Stats
Hint Answer % Correct
Capital city Name London
100%
Saint Saint George
100%
Symbols Flower Red rose
88%
River Thames
88%
Name of the inhabitants the English
88%
Colour White
88%
Animal Lion
75%
Buildings Big Ben
50%
Flag St George's Cross
50%
St Paul's Cathedral
50%
The Parliament (Westminster)
50%
Population 56 million
25%
Nicknames Albion
13%
Nicknames Britannia
13%
Motto Dieu et mon droit
13%
Englishman/ Englishwoman
13%
The Gherkin
13%
Population 8.9 million
0%
No matching quizzes found
Score Distribution
Percent of People with Each Score
Percentile by Number Answered
Your Score History
You have not taken this quiz